Catálogo

Hermenéutica analógica y ontología / (Registro nro. 13304)

Detalles MARC
000 -LEADER
fixed length control field 00977cam a2200301 i 4500
001 - CONTROL NUMBER
control field 13304
003 - CONTROL NUMBER IDENTIFIER
control field Mx-PuUPA
005 - DATE AND TIME OF LATEST TRANSACTION
control field 20250815100233.0
008 - FIXED-LENGTH DATA ELEMENTS--GENERAL INFORMATION
fixed length control field 140415s2013 mx gr 000 0 spa d
020 ## - INTERNATIONAL STANDARD BOOK NUMBER
International Standard Book Number 9786079517847
040 ## - CATALOGING SOURCE
Original cataloging agency Mx-PuUPA
Language of cataloging spa
Transcribing agency Mx-PuUPA
Modifying agency Mx-PuUPA
Description conventions rda
041 0# - LANGUAGE CODE
Language code of text/sound track or separate title spa
043 0# - GEOGRAPHIC AREA CODE
Geographic area code spa
100 1# - MAIN ENTRY--PERSONAL NAME
Personal name Beuchot, Mauricio,
Dates associated with a name 1950-
9 (RLIN) 14180
Relator term autor
245 10 - TITLE STATEMENT
Title Hermenéutica analógica y ontología /
Statement of responsibility, etc. Mauricio Beuchot
250 ## - EDITION STATEMENT
Edition statement Primera edición
264 #1 - PRODUCTION, PUBLICATION, DISTRIBUTION, MANUFACTURE, AND COPYRIGHT NOTICE
Place of production, publication, distribution, manufacture Cuernava, Morelos :
Name of producer, publisher, distributor, manufacturer Centro de Investigación y Docencia en Humanidades del Estado de Morelos,
Date of production, publication, distribution, manufacture, or copyright notice 2013
300 ## - PHYSICAL DESCRIPTION
Extent 164 páginas ;
Dimensions 21 cm
336 ## - CONTENT TYPE
Fuente rdacontent
Content type term texto
Content type code txt
337 ## - MEDIA TYPE
Source rdamedia
Media type term sin medio
Media type code n
338 ## - CARRIER TYPE
Source rdacarrier
Carrier type term volumen
Carrier type code nc
650 #7 - SUBJECT ADDED ENTRY--TOPICAL TERM
Source of heading or term armarc
Topical term or geographic name entry element Hermenéutica
650 #7 - SUBJECT ADDED ENTRY--TOPICAL TERM
Source of heading or term armarc
Topical term or geographic name entry element Ontología
650 #7 - SUBJECT ADDED ENTRY--TOPICAL TERM
Source of heading or term armarc
Topical term or geographic name entry element Ontología (metafísica)
942 ## - ADDED ENTRY ELEMENTS (KOHA)
Source of classification or shelving scheme Dewey Decimal Classification
Koha item type Libro
Classification part 121.68
Item part B566
Existencias
Withdrawn status Lost status Source of classification or shelving scheme Damaged status Not for loan Collection code Home library Current library Shelving location Date acquired Source of acquisition Total Checkouts Full call number Barcode Date last seen Price effective from Koha item type
    Dewey Decimal Classification     General Centro de Estudios e Investigaciones en Hermenéutica Analógica Centro de Estudios e Investigaciones en Hermenéutica Analógica Sala general 03/12/2013 Compra   121.68 B566 2013 63025 14/08/2025 03/12/2013 Libro